00889nam a22002537a 450000500170000000800410001701000100005801100100006803500100007808200180008811000770010624501000018326000420028330000190032550000120034459000410035659000410039759000420043865000460048065000310052690100070055794900540056499900170061820220329141233.0971010s1975 r 00010 d a64929 a65901 a73449 a630.72bI52 m aINIA. México. Campo Agrícola Experimental Mixteca Oaxaqueña958502 aGuía para la asistencia técnica agrícolab: área de influencia del campo agrícola ... aMéxico, D.F. :bEl Instituto,c1975 a39 p.b: ilus. a1992-40 aBATCH-UPDb10c20130110lUCH01h1146 aBATCH-UPDb10c20130410lUCH01h0731 aCONVERSIONb10c20130109lUCH01h133514aAgriculturaxInvestigacionxOaxaca.9165314aAgriculturaxOaxaca.91756 aBK a630.72 I52 mbCRUANcCBDd-6255eCh306i73449si c64929d64929